000 00546cam a2200193ua 4500
001 2132
008 110805n ii |||gr||||Z||||||eng
020 _a81-229-0214-6
040 _cMAIN
082 _a153
100 _aFreeman, Frank S.,
_eAuthor.
245 1 _aTheory and practice of psychological testing
_cby Frank S. Freeman
250 _a3rd.
260 _aNew Delhi:
_bSurjeet publications,
_c2006.
300 _axviii; 697p:
_bill;
_c23cm.
653 _aPsychology
653 _aTheory and practice of psychological testing
942 _cBK
999 _c2000
_d2000